Etica y tragedia en Aristóteles

Saved in:
Bibliographic Details
Main Author: Trueba, Carmen (Author)
Format: Book
Language:Spanish
Published: Barcelona Universidad Autónoma Metropolitana 2004
Barcelona Anthropos 2004
Edition:1a. ed
Series:Autores, Textos y Temas: Filosofía, 54
Subjects:
Tags: Add Tag
No Tags, Be the first to tag this record!

MARC

LEADER 00000nam a2200000 a 4500
001 UCK4558
003 CL-VaPUC
008 050610e20040000SP |||||||||||||||||spa|d
020 |a 847658685X 
082 0 4 |a 185  |b TRU  |2 21 
100 0 |a Trueba, Carmen  |e author  |9 493107 
245 1 0 |a Etica y tragedia en Aristóteles 
250 |a 1a. ed 
300 |a 158 p 
942 |c BK 
945 |d 20050610 00:00:00  |a cmena 
260 |a Barcelona  |b Universidad Autónoma Metropolitana  |c 2004 
260 |a Barcelona  |b Anthropos  |c 2004 
650 0 |a Filosofía griega  |9 265579 
650 0 |a Filosofía antigua   |9 255705 
650 0 |a Ética  |9 255099 
650 0 |a Poética  |9 266624 
650 0 |a Tragedia griega  |9 265362 
650 0 |a Aristotelismo  |9 347069 
650 0 |a Historia de la filosofía  |9 256920 
583 |a last modification  |c 20121008 06:28:55  |k Rodrigo Vera 
490 0 |a Autores, Textos y Temas: Filosofía, 54 
999 |c 313387  |d 313385 
952 |0 0  |1 0  |4 0  |6 185_000000000000000_TRU_2004_2004  |7 0  |8 A  |9 384714  |a BIBEDU  |b BIBEDU  |d 2019-11-22  |i 4138139  |o 185 TRU 2004 2004  |p 4138139  |r 2019-11-22  |w 2019-11-22  |y BK  |k FIL